Normal view
MARC view
Entry Personal Name
001 - CONTROL NUMBER
- control field: 18607
003 - CONTROL NUMBER IDENTIFIER
- control field: OSt
005 - DATE AND TIME OF LATEST TRANSACTION
- control field: 20240710105238.0
008 - FIXED-LENGTH DATA ELEMENTS
- fixed length control field: 240710|| aca||aabn | a|a d
040 ## - CATALOGING SOURCE
- Original cataloging agency: OSt
- Transcribing agency: OSt
100 ## - HEADING--PERSONAL NAME
- Personal name: Gray, John
670 ## - SOURCE DATA FOUND
- Source citation: Work cat.: (OSt)9138: Gray, John, False dawn :, 1998
